Návšteva u rezbára

Bibliographic Details
Main Author: Kotrba, Heřman (Author)
Format: Book
Language:Slovak
PhysicalDescription:111 s., [43] s. fotogr. príl. fotogr., obr. 21 cm
Published: Bratislava Alfa 1991
ISBN:8005009062
Edition:1. vyd.
Series:Urob si sám
Subjects:

MARC

LEADER 00000cam a2200000 a 4500
001 vtls001067537
003 SK-MaSNL
005 20260301193422.0
008 240315s1991 xo oa f 00000 slo
015 |a SNBA1992/04 
020 |a 8005009062  |q (brož.) 
035 |a SNK000010367 
040 |a SNK  |b slo  |c SNK  |e AACR2 
041 0 |a slo 
044 |a xo  |c SK 
080 |a 745.51  |2 1981 
100 1 |a Kotrba, Heřman  |4 aut  |9 572892 
245 1 0 |a Návšteva u rezbára  |c Heřman Kotrba 
250 |a 1. vyd. 
260 |a Bratislava  |b Alfa  |c 1991  |e Bratislava  |f Svornosť 
300 |a 111 s., [43] s. fotogr. príl.  |b fotogr., obr.  |c 21 cm 
490 1 |a Urob si sám 
650 0 7 |a rezbárstvo  |2 SNKPH  |9 2735 
655 7 |a príručky  |2 SNKPH  |9 74364 
830 0 |a Urob si sám  |9 276794 
919 |a 80-05-00906-2 
958 |a TL 
999 |c 877178  |d 879108 
952 |t P60, <04>, [BOOK], {604}  |a SNK  |b SNK  |y VYP  |7 0  |p 17A0053153  |o snkSC 81245 D1  |i snkKSP 1725/92  |0 0  |1 0  |4 0  |d 1997-03-11  |l 0  |r 2004-12-31 00:00:00  |w 2026-02-24 
952 |a SNK  |b SNK  |y PREZ  |7 0  |p 17A0983132  |o snkSC 81245  |0 0  |1 0  |4 0  |d 2012-08-14  |l 0  |r 2026-02-24 06:03:04  |w 2026-02-24